LEADER 01444nam a2200325 u 4500 001 000000074402 003 CaOOAMICUS 005 20070226122446.0 008 021206s1993 gw u000 u ger u 020 $a3161458362 035 $a10947626 040 $aPUL$bita 100 1 $aHengel, Martin,$d1926-$0(OLS)http://pul/name/6030 245 14$aDie johanneische Frage :$bein Lösungversuch /$cMartin Hengel ; mit einem Beitrag zur Apokalypse von Jörg Frey. 260 $aTübingen :$bMohr Siebeck,$c1993. 300 $axiii, 485 p. ;$c24 cm 490 1 $aWissenschaftliche Untersuchungen zum Neuen Testament ;$v67 500 $aComprende indici. 504 $aBibliografia in nota. 630 04$aBiblia.$pN.T.$pIohannes.$0(OLS)http://pul/subject/37924 630 04$aBiblia.$pN.T.$pIohannis I-II-III.$0(OLS)http://pul/subject/20212 630 04$aBiblia.$pN.T.$pApocalypsis.$0(OLS)http://pul/subject/6630 830 0$aWissenschaftliche Untersuchungen zum Neuen Testament ;$v67.$0(OLS)http://pul/title/8628 850 $aPUL 852 $aPUL$W1$xSL Religione 1$y3$m16 H 67$j95970$nBK-PRI$b $qStampati$B95970$CPULBib$Z2$F95970 $H $81 941 1 $a8 961 $aINV: 89615 996 $6020$a3161458362$9(OLS)http://pul/number/96461 996 $6245$aDie johanneische Frage :$bein Lösungversuch$9(OLS)http://pul/title/97693 996 $6260$aTübingen :$bMohr Siebeck$9(OLS)http://pul/publisher/52004 LEADER 01773nam a2200373 a 4500 001 000000123846 003 CaOOAMICUS 005 20101129120655.0 008 101129t2010 it cd u000 u ita r 020 $a978-88-382-4087-4 040 $aPUL$bita 082 04$a226.4 245 01$a"Lingue come di fuoco" (At. 2,3) :$bstudi lucani in onore di Mons. Carlo Ghidelli /$ca cura di Giuseppe De Virgilio e Pier Luigi Ferrari. 260 $aRoma :$bStudium,$c©2010. 300 $aIX, 399 p. :$britr., grafici ;$c21 cm 490 1 $aLa cultura ;$v128 500 $aInclude indice. 504 $aBibliografia p. [365]-391. 600 14$aGhidelli, Carlo,$csac.,$d1934-$0(OLS)http://pul/subject/37367 630 04$aBiblia.$pN.T.$pLucas$xCritica e interpretazione.$0(OLS)http://pul/subject/37900 630 04$aBiblia.$pV.T.$xCritica e interpretazione.$0(OLS)http://pul/subject/3062 630 04$aBiblia.$pN.T.$pActus apostolorum.$xCritica e interpretazione.$0(OLS)http://pul/subject/1725 650 4$aLiturgia$xRito.$0(OLS)http://pul/subject/36941 700 1 $aDe Virgilio, Giuseppe.$0(OLS)http://pul/name/35370 700 1 $aFerrari Pier Luigi.$0(OLS)http://pul/name/39500 830 3$aLa cultura (Studium) ;$v128.$0(OLS)http://pul/title/15071 850 $aPUL 852 $aPUL$W1$xSL Religione 3$y85$m226. 4 DEVGI 1$j142669$qDDC 21$B141639$CPULBib$Z2$F141639 $H115202 $82 941 1 $a9 996 $6020$a978-88-382-4087-4$9(OLS)http://pul/number/146030 996 $6082$a226.4$9(OLS)http://pul/classification/548 996 $6245$a"Lingue come di fuoco" (At. 2,3) :$bstudi lucani in onore di Mons. Carlo Ghidelli$9(OLS)http://pul/title/156112 996 $6260$aRoma :$bStudium$9(OLS)http://pul/publisher/47892